Science Quiz

Random Science or Animal Quiz

What Insect Is This? Quiz Stats

 Plays Quiz Updated Jul 9, 2018

Score 0/20 Timer 05:00
7 Plays Today
Question Answer Wrong Answers
Ladybug
98.8%
Firefly
0.2%
German Wasp
0.1%
Assassin Bug
0.3%
Grasshopper
94.7%
Flea
0.3%
Mosquito
0.4%
Tsetse Fly
0.4%
Praying Mantis
94.2%
Zebra Cockroach
0.3%
Cowboy Beetle
0.3%
Assassin Bug
0.5%
Firefly
93.8%
Housefly
0.4%
Black Fly
0.4%
Hoverfly
1.4%
Dung Beetle
92.2%
Pollen Beetle
0.9%
Bat Bug
1%
Tiger Beetle
1%
Harvester Ant
82.4%
Weta
0.6%
Flightless Fruit Fly
1.4%
Formosan Termite
10.6%
Earwig
79.4%
Paper Wasp
2.3%
Darkling Beetle
11.5%
Lice
1%
German Cockroach
76.9%
Yellowjacket
0.8%
Cricket
13.2%
Ambush Bug
4.3%
Domestic Silkmoth
74.9%
Canna Leaf Roller
2.6%
Cotton Bollworm
11.4%
Comma Butterfly
5.9%
Asian Giant Hornet
67.3%
Wēkiu Bug
1.1%
Flower Mantis
1.2%
Potter Wasp
23.8%
Two-Lined Spittlebug
65.7%
Milkweed Bug
17.7%
Waterstrider
5.2%
Lightning Bug
6.8%
Green Lacewing
64.6%
Leaf-mimic Katydid
25.4%
Carpenter Ant
1.1%
Metalmark Butterfly
2.9%
Buff-Tailed Bumblebee
61.3%
Orange-tailed Mining Bee
2.3%
Hairy-Footed Flower Bee
25.1%
Japanese Yellow Hornet
4.8%
Colorado Potato Beetle
58.9%
Golden Spider Beetle
17.2%
Australian Carpet Beetle
10.3%
Southern Lyctus Beetle
11%
Red-Bodied Swallowtail
58.1%
American Snout Butterfly
8.5%
Oregon Silverspot Butterfly
16%
Queen Alexandra's Birdwing
11.9%
Stag Beetle
52.3%
Rhinoceros Beetle
30.5%
Cowboy Beetle
3.1%
Boll Weevil
10.7%
Blister Beetle
49.8%
Longhorn Beetle
29.7%
Bed Bug
1.6%
Froghopper
13.2%
German Wasp
45.4%
Honey Bee
18.2%
Striped Flea Beetle
3.5%
European Hornet
31.8%
Nut Weevil
45.2%
Pollen Beetle
28.9%
Kissing Bug
17.1%
Lightning Bug
2%
Cockchafer
14.9%
Annual Cicada
12.2%
Deathwatch Beetle
45.5%
Oriental Cockroach
21.1%

You're not logged in!

Compare scores with friends on all Sporcle quizzes.
OR
Log In

Sporcle TV

Today on Sporcle TV


Watch our educational content, quiz creation guides, and fun videos on Sporcle TV.

Show Comments

Extras

Top Quizzes Today


Score Distribution

Your Account Isn't Verified!

In order to create a playlist on Sporcle, you need to verify the email address you used during registration. Go to your Sporcle Settings to finish the process.

Report this User

Report this user for behavior that violates our Community Guidelines.

Details: